000 00463nam a22001577a 4500
005 20231116092010.0
008 231116b |||||||| |||| 00| 0 eng d
041 _aEnglish
082 _a344.1 LAB
100 _aSmuts, D
_lEnglish
245 _aLabour Law Seminar (4/94) :
_bCompensation for Unfair Dismissal /
_cD Smuts
260 _c1992
300 _b40 pages ;
_c 30,5 cm.
650 _aLegal practice
_bLaw
942 _cBK
_6ALISON_BN_VRIES
999 _c717
_d717